|
|
|
|
| LEADER |
00827nam a2200265 4500 |
| 001 |
DLU130152507 |
| 005 |
##20130919 |
| 040 |
# |
# |
|a DLU
|b vie
|
| 041 |
# |
# |
|a vie
|
| 044 |
# |
# |
|a vn
|
| 100 |
# |
# |
|a Phạm Ngọc Quang,
|c NGND.
|
| 245 |
# |
# |
|a Xây dựng trường học thân thiện học sinh tích cực, một nhiệm vụ trọng tâm của năm học 2008-2009 /
|c Phạm Ngọc Quang.
|
| 653 |
# |
# |
|a Sáng tạo
|
| 653 |
# |
# |
|a Tự học
|
| 653 |
# |
# |
|a Tư duy
|
| 773 |
# |
# |
|t Tạp chí Dạy và học ngày nay
|g Số 10, 2008, tr. 12-13
|
| 920 |
# |
# |
|a Phòng Tạp chí -- Trung tâm Thông tin - Thư viện Trường Đại học Đà Lạt
|
| 994 |
# |
# |
|a DLU
|
| 900 |
# |
# |
|a True
|
| 911 |
# |
# |
|a Nguyễn Thị Linh Chi
|
| 925 |
# |
# |
|a G
|
| 926 |
# |
# |
|a A
|
| 927 |
# |
# |
|a BB
|
| 980 |
# |
# |
|a Thư viện Trường Đại học Đà Lạt
|